LEADER 01112nam a2200265 u 4500 001 000000084211 003 CaOOAMICUS 005 20070226124044.0 008 050615s1937 it a u000 u ita u 035 $a11050685 040 $aPUL(R)$bita 100 1 $aParpagliolo, Luigi.$0(OLS)http://pul/name/55503 245 10$aItalia (negli scrittori italiani e stranieri).$nV volume,$pRoma /$cLuigi Parpagliolo. 246 30$aRoma 260 $aRoma :$bL. Morpurgo,$c1937. 300 $axv, 462 p. :$bill. ;$c25 cm 500 $aInclude indice. 651 4$aRoma (città)$xDescrizione e viaggi.$0(OLS)http://pul/subject/677 651 4$aRoma$xEdifici, strutture, ecc.$0(OLS)http://pul/subject/7239 850 $aPUL 852 $aPUL$W1$xDP1 Fondo Cecchetti$y53$m270 E 41$j107137$nBK-PRI$b $qFondi$B107137$CPULBib$Z2$F107137 $HPUL3134 $81 941 1 $a1 996 $6245$aItalia (negli scrittori italiani e stranieri).$nV volume,$pRoma$9(OLS)http://pul/title/109583 996 $6246$aRoma$9(OLS)http://pul/title/109584 996 $6260$aRoma :$bL. Morpurgo$9(OLS)http://pul/publisher/50653 LEADER 00800nam a2200217 u 4500 001 000000081573 003 CaOOAMICUS 005 20070226123753.0 008 050324s1936 fr u000 u fre u 035 $a11035971 040 $aPUL(R)$bita 100 1 $aGarnier, Adrien,$csac.$0(OLS)http://pul/name/11782 245 10$aA l'école des saints /$cchanoine Adrien Garnier. 260 $aParis :$bDesclée de Brouwer,$c[1936] 300 $axii, 250 p. ;$c20 cm 650 4$aSanti.$0(OLS)http://pul/subject/20 850 $aPUL 852 $aPUL$W1$xDP1 Fondo Cecchetti$y53$m260 D 38$j193454$nBK-PRI$b $qFondi$B104025$CPULBib$Z2$F104025 $81 941 1 $a1 996 $6245$aA l'école des saints$9(OLS)http://pul/title/106668 996 $6260$aParis :$bDesclée de Brouwer$9(OLS)http://pul/publisher/49456